| 000 | 00702nas a2200229 4500 | ||
|---|---|---|---|
| 001 | BR9501818 | ||
| 003 | BR-BrBNA | ||
| 005 | 20231205093934.0 | ||
| 007 | ta | ||
| 008 | 230509b bl.|||p| |||| 00| 00por d | ||
| 040 |
_aBR-BrBNA _bpor _cBiblioteca Nacional de Agricultura |
||
| 041 | _a(Pt) | ||
| 072 | _aQ02 | ||
| 100 | 1 | _aVieira, G.H.F. dos F. | |
| 100 | 1 | _aVieira, R.H.S. dos F. | |
| 245 | 1 | _aEstudo sobre a depuracao de sururu Mytella falcata (Orbigny, 1846) | |
| 650 | _aSururu | ||
| 650 | _aDepuracao | ||
| 773 | 0 |
_tArquivos de Ciencias do Mar (Brazil) _xISSN 0374-5686 _g(Jan-Dec 1989-1990), v. 28 p. 63-68 _wBR9501818 |
|
| 909 |
_a202311 _bLúcia _c55 _dLúcia Elande |
||
| 942 |
_2AGRIS _n0 _cANA |
||
| 999 |
_c141200 _d141200 |
||